Statistiques concernant Pays les plus proches du Sri Lanka - une minute sprint

Cliquez ici pour prendre le quiz!

Statistiques générales

  • Ce quiz a été pris 78 fois
  • Le résultat moyen est 14 sur 20

Statistiques - réponses

kmpays% Correct
1Inde
100%
1874Pakistan
93%
2150Chine
91%
2360Laos
80%
1955Népal
79%
1810Thaïlande
79%
1629Birmanie
77%
1628Bangladesh
75%
2108Bhoutan
73%
2337Cambodge
71%
1464Indonésie
71%
1967Malaisie
70%
2522Viêt Nam
70%
716Maldives
59%
2646Afghanistan
57%
2494Singapour
57%
2570Iran
55%
2537Oman
38%
2795Yémen
36%
2898Arabie Saoudite
29%

Distribution des résultats

Percentile par nombre de réponses

% des personnes avec chaque résultat

Votre développement - résultats

Vous n’avez pas pris ce quiz